Ekonomické možnosti na vyššie mzdy limituje štát na Rade Asociácie nemocníc Slovenska o rokovaniach s odbormi a poisťovňami

Podrobná bibliografia
Médium: Článok
Jazyk:slovenčina
ISSN:1335-4477
Predmet:

MARC

LEADER 00000nab a2200000 a 4500
001 vtls009003973
003 SK-MaSNL
005 20260303065618.0
008 140303c2007 xo wrzp 0 0slo
015 |a SNBRB2007/06  |2 snkbucl 
040 |a SNKBUCL  |b slo  |c SNKBUCL  |e AACR2 
041 0 |a slo 
044 |a xo  |c SK 
080 |a 614.2:725.51:061.22  |x (437.6)  |2 1997 
245 0 0 |a Ekonomické možnosti na vyššie mzdy limituje štát  |b na Rade Asociácie nemocníc Slovenska o rokovaniach s odbormi a poisťovňami  |c Mária Tolnayová 
610 2 7 |a Asociácia nemocníc Slovenska  |b Rada  |x zasadanie  |d 31.5.2007  |2 snkbucl  |9 1065920 
773 0 |t Zdravotnícke noviny  |g Roč. XII, č. 23 (2007), s. 1 a 3  |x 1335-4477 
852 |a SNK  |b KIS3GCP 
958 |a MI 
958 |a SK 
999 |c 1751911  |d 1753841